Normal view
MARC view
- Supervisor: Col Mughees Aslam
Entry Personal Name
001 - CONTROL NUMBER
- control field: 126620
003 - CONTROL NUMBER IDENTIFIER
- control field: NUST
005 - DATE AND TIME OF LATEST TRANSACTION
- control field: 20241030130357.0
008 - FIXED-LENGTH DATA ELEMENTS
- fixed length control field: 241030|| aca||aabn | a|a d
040 ## - CATALOGING SOURCE
- Original cataloging agency: NUST
- Transcribing agency: NUST
100 ## - HEADING--PERSONAL NAME
- Personal name: Supervisor: Col Mughees Aslam
670 ## - SOURCE DATA FOUND
- Source citation: Work cat.: (NUST)232411: Arif Ehsan 51002, Risk management framework for load reconstruction projects in disaster affected mountains areas A case study of Pakistan/ , 2016.
